000 00298nam a22001337a 4500
008 190205b xxu||||| |||| 00| 0 eng d
020 _a0534519121
041 _aeng
080 _210th
_a574
100 _a9
101 _aMJE
245 _aLiving in the Environment
_cMiller, G.T
942 _2udc
_cBK
999 _c54041
_d54041